「楽」がつく駅名 - Statistics

General Stats
  • This quiz has been taken 223 times
  • The average score is 6 of 21
Answer Stats
Hint Answer % Correct
神奈川県 白楽
59%
北海道 大楽毛
57%
神奈川県 東白楽
55%
東京都 後楽園
51%
北海道 新大楽毛
47%
茨城県 偕楽園
41%
東京都 有楽町
41%
兵庫県 苦楽園口
29%
広島県 楽々園
29%
愛知県 楽田
27%
滋賀県 信楽
27%
東京都 神楽坂
22%
岐阜県 極楽
15%
愛知県 聚楽園
15%
滋賀県 紫香楽宮跡
14%
和歌山県 極楽橋
13%
東京都 牛込神楽坂
11%
北海道 西神楽
11%
神奈川県 極楽寺
10%
北海道 神楽岡
9%
広島県 長楽寺
5%
No matching quizzes found
Score Distribution
Percent of People with Each Score
Percentile by Number Answered
Your Score History
You have not taken this quiz